Normal view
MARC view
Entry Topical Term
001 - CONTROL NUMBER
- control field: 31969
003 - CONTROL NUMBER IDENTIFIER
- control field: ARRUPE
005 - DATE AND TIME OF LATEST TRANSACTION
- control field: 20170601124511.0
008 - FIXED-LENGTH DATA ELEMENTS
- fixed length control field: 170601|| aca||aabn | a|a d
040 ## - CATALOGING SOURCE
- Original cataloging agency: ARRUPE
- Transcribing agency: ARRUPE
150 ## - HEADING--TOPICAL TERM
- Topical term or geographic name as entry element:
- Topical term following geographic name as entry element: National characteristics
- General subdivision: Zimbabwean
670 ## - SOURCE DATA FOUND
- Source citation: Work cat.: (ARRUPE)1747: Ndlovu-Gatsheni, Sabelo J. 31967, Do`Zimbabweans' exists?, 2009